000 00870nam a22002537a 4500
005 20250508115744.0
008 250508b |||||||| |||| 00| 0 eng d
037 _cREF
040 _aLCT
_cLCT
041 _2eng
_aeng
_hen
084 _aV2:2:(Z) Q14
100 _aBasu, Durga Das
245 _aCommentary On the Constitution of India (1 to 9 Vol.)/
250 _a9th ed.
260 _aGurugram, India:
_bLexis Nexis,
_c2014
300 _a9V. (clxxxiv, 954; cclv, 2682; ccxvi, 3693; clxxiii, 4487p.; cLxviii, 5284p.; ccviii, 6405p. Lxxi, 7237-8483p.; ccxvi, 9846p. ccxii, 11055p)
500 _aThis book has 9 Volumes in the library.
650 _aConstitution of India
650 _aLaw
650 _aFundamental Rights
650 _aCitizenship
650 _aGovernment
_9702413
942 _2CC
_cTB
_hV2:2:(Z) Q14
_n0
999 _c1320402
_d1320402